Valtiot, joissa on eniten espanjankielisiä - Statistics

Yleistilastot
  • Tätä visaa on pelattu 618 kertaa
  • Keskiarvotulos 8 / 10
Vastaustilastot
% Puhujia Valtio % Oikein
81 38,8 milj. Espanja
100%
94 123 milj. Meksiko
95%
99 45,3 milj. Argentiina
92%
99 52,4 milj. Kolumbia
91%
87 29,8 milj. Peru
88%
99 19,6 milj. Chile
87%
98 27,9 milj. Venezuela
85%
13 45,4 milj. Yhdysvallat
83%
93 16,9 milj. Ecuador
75%
98 11,2 milj. Dominikaaninen tasavalta
52%
Ehtoja vastaavia visoja ei löytynyt
Tulosjakauma
Jokaisen tuloksen saaneiden osuus
Persentiili vastausten määrän mukaan
Tuloshistoriasi
Et ole pelannut tätä visaa